Walt Disney Pictures films - Sudden death - Statistics

General Stats
  • This quiz has been taken 881 times
  • The average score is 3 of 15
Answers on the Grid
Answers color-coded by a green-red scale on the quiz's grid according to % correct below.
Fantasia
Mary Poppins
Pete's Dragon
Who Framed Roger Rabbit
The Nightmare Before Christmas
The Return of Aladdin
Pocahontas II: The Search for Christopher Robin
Pooh's Grand Adventure: Journey to a New World
Doug's 1st Movie
The Tigger Movie
Dinosaur
The Emperor's New Groove
Atlantis, The Lost Island
Treasure Empire
The Incredibles
Chicken Little
Tinker Bell
A Christmas Carol
Frankenweenie
Planes
Spirit: Stallion of the Cimarron
Spirited Away
Happy Feet
Monster House
Klaus
Encantado
Backward
Kubo and the Two Strings
Emental
Isle of Dogs
 
Answer Stats
Answer % Correct
Fantasia
45%
Mary Poppins
39%
The Emperor's New Groove
37%
The Incredibles
31%
Tinker Bell
29%
Chicken Little
28%
Dinosaur
25%
The Tigger Movie
20%
The Nightmare Before Christmas
19%
Pete's Dragon
17%
Who Framed Roger Rabbit
16%
Planes
13%
A Christmas Carol
12%
Frankenweenie
8%
Doug's 1st Movie
5%
No matching quizzes found
Score Distribution
Percent of People with Each Score
Percentile by Number Answered
Your Score History
You have not taken this quiz